00803cam a22002531 4500001001300000003000400013005001700017008004100034010001700075025001900092035001900111040002700130050001600157082001000173100002200183245009700205260006600302300002500368440005100393504003100444651003500475700002200510999001700532sa 67005205 DLC20260227112354.0760329s1966 pk b 001 0 eng  asa 67005205  aPL480:P-E-1176 a(OCoLC)2077479 aDLCcArCCAdOCoLCdDLC00aDS33.3b.H300a327.51 aHasan, K. Sarwar.10aChina, India, Pakistan;cedited by K. Sarwar Hasan, with the cooperation of Khalida Qureshi. aKarachi,bPakistan Institute of International Affairsc[1966] axxvi, 441 p.c23 cm. 0aDocuments on the foreign relations of Pakistan aBibliography: p. xxv-xxvi. 0aAsiaxPolitics and government.1 aQureshi, Khalida. c75027d75027